[Event "Athens of East GM-Open 2019"]
[Site "Madurai"]
[Date "2019.08.11"]
[Round "1.19"]
[White "Avinash Ramesh"]
[Black "Om Kharola"]
[Result "1/2-1/2"]
[WhiteElo "1848"]
[BlackElo "2357"]
[Annotator "NA"]
[PlyCount "140"]
[EventDate "2019.08.11"]
[EventType "swiss"]
[EventCountry "IND"]
[SourceTitle "playchess.com"]
[Source "ChessBase"]
[SourceQuality "1"]
[TimeControl "5400+30"]

1. e4 {[%emt 0:00:00]} e5 {[%emt 0:00:00]} 2. Nf3 {[%emt 0:00:00]} Nc6 {[%emt 0:00:00]} 3. Bc4 {[%emt 0:00:00]} Bc5 {[%emt 0:00:00]} 4. c3 {[%emt 0:00:00]} Nf6 {[%emt 0:00:00]} 5. d3 {[%emt 0:00:01]} a6 {[%emt 0:00:00]} 6. Bb3 {[%emt 0:00:11]} Ba7 {[%emt 0:00:09]} 7. h3 {[%emt 0:01:16]} h6 {[%emt 0:00:13]} 8. Nbd2 {[%emt 0:00:31]} d6 {[%emt 0:00:15]} 9. Nf1 {[%emt 0:00:21]} Ne7 {[%emt 0:04:36]} 10. Ng3 {[%emt 0:06:49]} Ng6 {[%emt 0:05:11]} 11. Nf5 {[%emt 0:15:57]} Bxf5 {[%emt 0:00:54]} 12. exf5 {[%emt 0:00:02]} Ne7 {[%emt 0:00:19]} 13. g4 {[%emt 0:01:56]} Qd7 {[%emt 0:01:27]} 14. Qe2 {[%emt 0:05:06]} g6 {[%emt 0:24:46]} 15. fxg6 {[%emt 0:11:29]} fxg6 {[%emt 0:01:47]} 16. g5 {[%emt 0:14:12]} Nfd5 {[%emt 0:00:24]} 17. gxh6 {[%emt 0:11:21]} Rf8 {[%emt 0:00:30]} 18. Bd2 {[%emt 0:13:22]} Qc6 {[%emt 0:13:39]} 19. O-O-O {[%emt 0:05:21]} Nxc3 {[%emt 0:02:10]} 20. bxc3 {[%emt 0:00:45]} Rxf3 {[%emt 0:04:45]} 21. h7 {[%emt 0:01:48]} Kd7 {[%emt 0:07:59]} 22. d4 {[%emt 0:01:29]} Bxd4 {[%emt 0:00:53]} 23. Kb1 {[%emt 0:01:25]} Ba7 {[%emt 0:02:18]} 24. Bg8 {[%emt 0:03:01]} Rxg8 {[%emt 0:00:09]} 25. hxg8=Q {[%emt 0:00:09]} Nxg8 {[%emt 0:00:13]} 26. Rhg1 {[%emt 0:01:24]} Ne7 {[%emt 0:00:44]} 27. Be1 {[%emt 0:00:46]} Qb5+ {[%emt 0:10:34]} 28. Qxb5+ {[%emt 0:00:04]} axb5 {[%emt 0:20:05]} 29. Rg3 {[%emt 0:01:02]} Rf6 {[%emt 0:00:00]} 30. Rd2 {[%emt 0:01:07]} Ke6 {[%emt 0:00:00]} 31. Kc1 {[%emt 0:01:13]} c6 {[%emt 0:00:00]} 32. Kd1 {[%emt 0:00:37]} Nd5 {[%emt 0:00:00]} 33. Ke2 {[%emt 0:01:19]} e4 {[%emt 0:00:00]} 34. Rc2 {[%emt 0:01:22]} Nf4+ {[%emt 0:00:00]} 35. Kf1 {[%emt 0:00:25]} d5 {[%emt 0:00:00]} 36. Rb2 {[%emt 0:01:13]} Nd3 {[%emt 0:00:00]} 37. Re2 {[%emt 0:00:04]} Kf7 {[%emt 0:00:00]} 38. Rd2 {[%emt 0:00:29]} Ne5 {[%emt 0:00:00]} 39. Rc2 {[%emt 0:00:54]} Bc5 {[%emt 0:00:00]} 40. Re2 {[%emt 0:00:53]} Nd3 {[%emt 0:00:00]} 41. Rd2 {[%emt 0:00:30]} Nf4 {[%emt 0:00:00]} 42. Rb2 {[%emt 0:00:34]} Ba3 {[%emt 0:00:00]} 43. Rd2 {[%emt 0:00:21]} Bd6 {[%emt 0:00:00]} 44. Rc2 {[%emt 0:00:36]} Nd3 {[%emt 0:00:00]} 45. Rg2 {[%emt 0:00:28]} Rf3 {[%emt 0:00:00]} 46. h4 {[%emt 0:00:10]} Rh3 {[%emt 0:00:00]} 47. Bd2 {[%emt 0:00:20]} Rxh4 {[%emt 0:00:00]} 48. Be3 {[%emt 0:00:15]} Bc5 {[%emt 0:00:00]} 49. Bxc5 {[%emt 0:00:06]} Nxc5 {[%emt 0:00:00]} 50. Rg1 {[%emt 0:00:56]} Rh3 {[%emt 0:00:15]} 51. Rg3 {[%emt 0:00:18]} Rh1+ {[%emt 0:00:59]} 52. Rg1 {[%emt 0:00:01]} Rxg1+ {[%emt 0:00:19]} 53. Kxg1 {[%emt 0:00:01]} Nd3 {[%emt 0:00:09]} 54. Kf1 {[%emt 0:00:12]} Ke6 {[%emt 0:01:28]} 55. Ke2 {[%emt 0:00:03]} Ke5 {[%emt 0:00:39]} 56. Rd2 {[%emt 0:00:37]} c5 {[%emt 0:01:05]} 57. a3 {[%emt 0:01:17]} d4 {[%emt 0:03:52]} 58. cxd4+ {[%emt 0:01:10]} Kxd4 {[%emt 0:00:06]} 59. Rd1 {[%emt 0:00:04]} c4 {[%emt 0:00:20]} 60. Rb1 {[%emt 0:00:36]} c3 {[%emt 0:00:24]} 61. Kd1 {[%emt 0:00:01]} Nxf2+ {[%emt 0:00:52]} 62. Kc2 {[%emt 0:00:01]} Nd3 {[%emt 0:02:12]} 63. Rg1 {[%emt 0:00:02]} b4 {[%emt 0:00:52]} 64. axb4 {[%emt 0:00:42]} Nxb4+ {[%emt 0:00:07]} 65. Kb3 {[%emt 0:00:04]} e3 {[%emt 0:00:17]} 66. Kxb4 {[%emt 0:02:08]} e2 {[%emt 0:00:17]} 67. Kb3 {[%emt 0:00:36]} Kd3 {[%emt 0:00:09]} 68. Rxg6 {[%emt 0:00:11]} Kd2 {[%emt 0:03:26]} 69. Rd6+ {[%emt 0:00:07]} Ke3 {[%emt 0:00:23]} 70. Re6+ {[%emt 0:00:05]} Kd3 {[%emt 0:00:06]} 1/2-1/2

[Event "Athens of East GM-Open 2019"]
[Site "Madurai"]
[Date "2019.08.12"]
[Round "2.1"]
[White "Gupta, Abhijeet"]
[Black "Anilkumar, O.T."]
[Result "1-0"]
[WhiteElo "2603"]
[BlackElo "2023"]
[Annotator "TA"]
[PlyCount "71"]
[EventDate "2019.08.11"]
[EventType "swiss"]
[EventCountry "IND"]
[SourceTitle "playchess.com"]
[Source "ChessBase"]
[SourceQuality "1"]

{[%evp 9,71,-8,17,15,23,11,46,31,20,-12,-8,-7,7,0,0,0,12,-18,85,84,96,91,87,93,87,83,127,119,128,108,185,183,209,213,201,206,184,175,217,202,250,249,252,252,244,229,619,613,29981,29982,29982,29983,29983,29984,29984,29985,29985,29986,29986,29987,29996,29997,29997,279]} 1. d4 d5 2. c4 e6 3. Nc3 Nf6 4. Nf3 c6 5. g3 a6 (5... dxc4 6. Ne5 Nbd7 7. Nxc4 b5 8. Ne5 Nxe5 9. dxe5 Qxd1+ 10. Kxd1 Nd5 11. Ne4 f5 12. Nd2 Bb7 13. e4 Nb6 {½-½ (57) Rakhmanov,A (2629)-Timofeev,A (2602) Sochi 2019}) 6. Bg2 {E01: Catalan: Early deviations} Nbd7 7. O-O b5 8. cxd5 {White is slightly better.} cxd5 9. Bf4 Bb7 10. Rc1 Rc8 11. a4 $36 {[%mdl 2048] White has good play.} b4 12. Na2 {[%cal Bc3a2,Ba2b4,Bb4d3,Bd3c5][%mdl 32]} Be7 13. Qb3 Nh5 $146 (13... a5 $11) ({Predecessor:} 13... a5 14. Rxc8 Qxc8 {1-0 (57) Sargac,R (2224)-Ascic,I Pula 2002}) 14. Rxc8 $16 (14. Nxb4 Nxf4 15. gxf4 Rxc1 $11) 14... Bxc8 15. Nxb4 {Nc6 is the strong threat.} Nxf4 16. gxf4 Qb6 17. Qc3 Bb7 18. Nd3 a5 19. Rc1 Bd6 (19... O-O $16) 20. Nfe5 $18 Ke7 21. Nxd7 Kxd7 22. Nc5+ Ke7 {[#]} 23. f5 $1 {[%mdl 512]} Bc8 (23... exf5 24. Qe3+) 24. Qe3 Rd8 25. fxe6 Bxe6 26. Bh3 {[%cal Rh3e6]} Bxc5 27. Rxc5 ({Don't play} 27. dxc5 $6 Qxb2 28. c6 Kf8 $16) 27... Qxb2 $2 (27... h6 28. Bxe6 Qxe6 29. Rxa5 Qxe3 30. fxe3 Rb8 31. Rxd5 Rxb2) 28. Bxe6 {Rc7+ would kill now.} fxe6 {[%mdl 4096] Endgame KQR-KQR} 29. Rc7+ {White mates.} Rd7 30. Qg5+ {[%mdl 64] Double Attack} Ke8 31. Rc8+ Kf7 32. Qh5+ Kf6 33. Rf8+ Ke7 34. Re8+ Kf6 35. Qe5+ {[%mdl 64] Double Attack} Kg6 36. Rxe6+ {Accuracy: White = 70%, Black = 41%.} 1-0

[Event "Athens of East GM-Open 2019"]
[Site "Madurai"]
[Date "2019.08.12"]
[Round "2.2"]
[White "Marthandan K U"]
[Black "Savchenko, Boris"]
[Result "0-1"]
[WhiteElo "2074"]
[BlackElo "2576"]
[Annotator "TA"]
[PlyCount "52"]
[EventDate "2019.08.11"]
[EventType "swiss"]
[EventCountry "IND"]
[SourceTitle "playchess.com"]
[Source "ChessBase"]
[SourceQuality "1"]

{[%evp 21,52,18,19,-10,14,18,9,-58,-53,-62,-56,-159,-153,-191,-186,-179,-179,-167,-183,-173,-178,-177,-157,-171,-165,-173,-173,-183,-112,-142,-133,-155,-144]} 1. d4 e6 2. c4 Nf6 3. Nf3 d5 4. Nc3 c6 5. e3 Nbd7 6. Bd3 Bd6 7. O-O O-O 8. e4 dxc4 9. Bxc4 e5 10. Bg5 Qe7 11. Re1 Re8 12. a4 {D46: Semi-Slav: 5 e3 Nbd7 6 Bd3, Black avoids the Meran} (12. d5 h6 13. Bh4 Nb6 14. Bb3 Bg4 15. h3 Bh5 16. dxc6 bxc6 17. g4 Bg6 18. Bg3 Nbd7 19. Nh4 Bh7 {0-1 (44) Khojayan,V (2253)-Bakunts,R (2395) Yerevan 2018}) 12... h6 13. Bh4 exd4 $146 {[#]} ({Predecessor:} 13... a5 14. d5 Nb6 15. Ba2 Bb4 16. dxc6 bxc6 17. Qc2 Bg4 18. Nd2 Red8 19. f3 Be6 {½-½ (39) Steiner,H-Evans,L USA 1952}) 14. Qxd4 (14. e5 $1 $11 {[%mdl 512]} Bxe5 15. Ne4) 14... Ne5 $15 15. Nxe5 Bxe5 16. Qd3 {[#]} (16. Qd1 $15) 16... Bxh2+ $1 $17 {[%mdl 512]} 17. Kxh2 {Strongly threatening Kg1.} Ng4+ {[%mdl 64] Discovered Attack} 18. Kg3 g5 19. Bxg5 hxg5 20. e5 Nxe5 {White must now prevent ...Qc7.} 21. Qd4 Bf5 {aiming for ...Qc7.} 22. f4 gxf4+ 23. Qxf4 Qf6 {...Ng6 is the strong threat.} 24. Kh2 Kg7 (24... Qd6 $19 25. Kh1 Kg7) 25. Kg1 Rad8 {And now ...Rd4! would win.} 26. Rf1 {Hoping for Be2.} Nxc4 {Accuracy: White = 48%, Black = 67%.} 0-1

[Event "Athens of East GM-Open 2019"]
[Site "Madurai"]
[Date "2019.08.12"]
[Round "2.3"]
[White "Smirnov, Pavel"]
[Black "Rakesh, Kumar Nayak"]
[Result "1-0"]
[WhiteElo "2574"]
[BlackElo "2042"]
[Annotator "TA"]
[PlyCount "175"]
[EventDate "2019.08.11"]
[EventType "swiss"]
[EventCountry "IND"]
[SourceTitle "playchess.com"]
[Source "ChessBase"]
[SourceQuality "1"]

{[%evp 16,175,21,31,34,24,33,29,29,31,32,36,59,38,38,38,43,41,67,70,77,65,112,88,129,110,127,119,119,119,127,81,80,80,90,0,0,0,0,0,0,0,0,0,0,0,0,0,5,5,32,20,104,1,11,0,0,0,0,0,37,0,15,0,81,81,81,81,81,81,81,81,81,80,81,81,81,81,81,81,81,81,81,80,76,0,0,0,8,8,15,8,23,15,16,0,8,8,31,0,8,12,16,16,31,31,31,31,239,31,31,31,31,31,38,45,166,150,153,146,172,53,53,53,166,131,156,151,153,77,255,235,243,58,64,0,245,229,4339,6613,6612,6183,5102,4031,29981,29982,29982,29983,29983,29984,29984,29985,29985,29986,29985,29985,29985,29983,29977,1028,29984,29984]} 1. d4 Nf6 2. c4 e6 3. g3 Bb4+ 4. Bd2 Bxd2+ 5. Qxd2 d5 6. Bg2 O-O 7. Nf3 Nbd7 8. O-O c6 9. Rc1 b6 {E11: Bogo-Indian} 10. cxd5 cxd5 11. Ne5 Nxe5 {White has an edge.} 12. dxe5 Nd7 13. f4 Bb7 14. Na3 {[%cal Bb1a3,Ba3c2,Bc2d4,Bd4f5,Bf5d6][%mdl 32]} a6 15. Nc2 Rc8 16. Nd4 {[#]} Nc5 $146 ({Predecessor:} 16... Qe7 17. a3 {1-0 (47) Georgiev,K (2658)-Antic,D (2504) Plovdiv 2012}) 17. f5 exf5 18. Nxf5 Ne4 19. Qf4 Kh8 20. Bxe4 Rxc1+ 21. Rxc1 dxe4 22. Nd6 Qe7 23. e6 {[%cal Rd6f7]} Bd5 24. exf7 h6 25. Rc8 (25. b3 $16) 25... Rxc8 $11 26. Nxc8 Qc5+ $1 27. Kf1 (27. Qf2 {is more complex.} Qc1+ 28. Qf1 Qc5+ 29. Kg2 e3+ 30. Kg1) 27... Bxf7 $1 28. Qxf7 {Ne7 is the strong threat.} Qxc8 {[%mdl 4096] Endgame KQ-KQ} 29. Qb3 Qc5 30. Qc3 Qf5+ 31. Kg2 Kh7 32. a4 a5 33. Qd4 h5 (33... Qg4 $11) 34. h4 (34. Qxb6 $16 h4 35. Qb5 (35. gxh4 Qg4+ 36. Kf1 Qxh4 $16) 35... h3+ 36. Kg1) 34... Qe6 35. Qe3 Qc6 36. b3 g6 37. Qf4 e3+ 38. Kh2 Qe6 39. b4 axb4 (39... Qa2 $11 {remains equal.}) 40. Qxb4 $16 Qf6 41. Qe4 Qf2+ {[%mdl 64] Double Attack} 42. Qg2 Qf6 43. Qg1 Qe6 44. Qc1 Qe7 45. Qc3 Qe6 46. Qc7+ Kg8 47. Qf4 Kg7 48. Qf3 Kh7 49. Kg2 Kg7 50. g4 (50. Qb7+ $16 Kh6 51. Qf3) 50... hxg4 $11 51. Qf4 Qf6 52. Kg3 {And now Qxf6+ would win.} Qe6 (52... Qa1 {feels hotter.} 53. Qxg4 Kh6 54. Qg5+ Kh7 55. Qe7+ Kg8) 53. Qxg4 Qe5+ 54. Qf4 Qe6 55. Kf3 Qh3+ 56. Ke4 Qh1+ 57. Ke5 Qc6 58. Qd4 Kh7 59. Kf4 Qe6 60. Qxe3 Qd6+ 61. Qe5 Qb4+ $2 ({Black should try} 61... Qd1 $14) 62. Qe4 $2 (62. Kg5 $1 $18) 62... Qd6+ $14 63. Kf3 {Black must now prevent h5.} Qf6+ 64. Kg4 {Strongly threatening h5.} Qa1 65. Kg5 Qg1+ (65... Qg7 $1 $14) 66. Kf6 $18 {Threatening mate with Qb7+.} Qf2+ 67. Ke6 {aiming for h5.} Kh6 68. Qg4 (68. e3 $1 $18 Qe2 69. Kf7 Qa2+ 70. Ke8) 68... Qe3+ $14 69. Kd7 Kh7 (69... Qc5 $14) 70. Kc6 Qc5+ 71. Kb7 {Hoping for Qd7+.} Qe3 72. Ka6 (72. h5 $142 $1 {[%cal Rh5g6]} Qe7+ 73. Ka6 (73. Kxb6 Qd6+ 74. Kb5 Qd5+ 75. Kb4 gxh5 $16) 73... gxh5 74. Qxh5+ Kg7 75. Qg4+ (75. Kxb6 Qd6+ 76. Ka5 Qd2+ 77. Kb6 Qd6+ 78. Ka5 Qd2+ 79. Kb6 Qd6+ $16) 75... Kh6 76. Kxb6) 72... Qc5 $2 (72... Kg7 $16 73. Qd7+ Kg8 74. Qd8+ Kh7 75. Qxb6 Qxe2+ 76. Ka7 Kh6) 73. Qd7+ $18 Kh6 74. Qd2+ $2 (74. Qe8 $1 $18 {[%cal Re8h8]} Qa5+ 75. Kb7 Qd5+ 76. Qc6 (76. Kxb6 Qd4+ 77. Kb7 Qb4+ 78. Qb5 Qxh4 $16) 76... Qf7+ 77. Ka6 (77. Kxb6 Qf2+ 78. Qc5 Qf6+ 79. Qc6 Qf2+ 80. Qc5 Qf6+ 81. Qc6 Qf2+ $16)) 74... Kh7 $14 75. Qd7+ $2 (75. Kb7 $14 Qe7+ 76. Kxb6) 75... Kh6 $18 {[#]} 76. Qe8 $1 {[%cal Re8h8]} Kg7 $2 (76... Qa5+ 77. Kb7 Qd5+ 78. Qc6 (78. Kxb6 Qd4+ 79. Kb7 Qb4+ 80. Ka6 Qd6+ 81. Ka5 Qd2+ 82. Kb5 Qd5+ 83. Kb4 Qd4+ 84. Kb3 Qd1+ 85. Kc3 Qc1+ 86. Kd4 Qb2+ 87. Ke3 Qc1+ 88. Ke4 Qb1+ 89. Ke5 Qa1+ 90. Kd5 Qa2+ 91. Kc5 Qa3+ 92. Kc4 Qa2+ 93. Kd4 Qb2+ 94. Kd5 Qa2+ 95. Kd4 Qb2+ $16) 78... Qf7+ 79. Kxb6 Qf2+ 80. Qc5 Qf6+ 81. Kb5 Qb2+ 82. Ka6 Qf6+ 83. Kb5 Qb2+ 84. Kc6 Qf6+ 85. Qd6 Qc3+ 86. Qc5 Qf6+ 87. Qd6 Qc3+ 88. Kd7 Qh3+ 89. Kc6 Qc3+) 77. e4 Qb4 78. Kb7 Qd4 79. e5 Qxh4 80. e6 Qe4+ 81. Qc6 Qb4 82. Qd7+ Kf6 83. Qf7+ Kg5 84. e7 Qe4+ 85. Kc7 Qe5+ 86. Kd7 Qd4+ 87. Ke8 (87. Kc8 $142 Qxa4 88. e8=Q Qa8+ 89. Kd7 Qa4+ 90. Ke7 Qa3+ 91. Kd8 Qa8+ 92. Kd7 Qa4+ 93. Kd6 Qd1+ {[#]} 94. Kc7 $1 {[%mdl 512]}) 87... Qxa4+ 88. Kf8 {Accuracy: White = 55%, Black = 35%.} 1-0

[Event "Athens of East GM-Open 2019"]
[Site "Madurai"]
[Date "2019.08.12"]
[Round "2.4"]
[White "Jayachandra Srinivas Vellanki"]
[Black "Tukhaev, Adam"]
[Result "0-1"]
[WhiteElo "1963"]
[BlackElo "2541"]
[Annotator "TA"]
[PlyCount "68"]
[EventDate "2019.08.11"]
[EventType "swiss"]
[EventCountry "IND"]
[SourceTitle "playchess.com"]
[Source "ChessBase"]
[SourceQuality "1"]

{[%evp 11,70,41,74,63,86,64,68,75,87,68,67,53,58,54,59,58,59,45,50,8,20,11,22,13,19,0,0,-11,0,-17,-27,-17,-24,-41,-34,-26,-29,-43,0,-31,-64,-96,-58,-100,-95,-764,-754,-1584,-1549,-29988,-29989,-29989,-29990,-29990,-29991,-29991,-29992,-29992,-29991,-29991,-29992]} 1. d4 g6 2. c4 Bg7 3. Nc3 d6 4. e4 Nc6 5. Be3 e5 6. Nge2 Nh6 7. f3 {A42: Modern Defence: Averbakh Variation} f6 8. Qd2 Nf7 9. d5 {White is slightly better.} Ne7 10. g3 $146 ({Predecessor:} 10. Nc1 O-O 11. Be2 f5 12. Nd3 c5 13. a3 Bd7 14. b4 b6 {1-0 (36) Jianu,V (2558)-Foisor,C (2349) Medias 2016}) 10... c5 11. Bg2 f5 12. O-O O-O 13. Rab1 b6 14. b4 Bd7 15. bxc5 dxc5 16. a4 Nc8 17. Nb5 Ncd6 18. Nxd6 Nxd6 19. Qc2 Qc8 20. a5 fxe4 21. fxe4 Rxf1+ 22. Bxf1 Nxe4 23. axb6 (23. Qxe4 $2 Bf5 $19) 23... axb6 24. Rxb6 ({Wrong is} 24. Qxe4 $2 Bf5 $19) 24... Qc7 25. Qb1 {Threatens to win with Rb7.} Nd6 26. Nc1 Rf8 27. Be2 Bh3 {And now ...Nf5 would win.} 28. Rc6 $2 {[%mdl 8192] [#]} (28. Nd3 $17 Nxc4 {[%mdl 64] Double Attack} 29. Rb7) 28... Qf7 $1 $19 {[%cal Rf7f1] ( -> ...Qf1+!)} 29. Qd3 e4 30. Qd1 {[#]} Bd4 $1 {[%mdl 512] Black mates.} 31. Bxd4 cxd4 32. Qe1 d3 33. Nxd3 exd3 34. Bxd3 {[#]} Qf6 {Played: Nd6-e4} 0-1

[Event "Athens of East GM-Open 2019"]
[Site "Madurai"]
[Date "2019.08.12"]
[Round "2.5"]
[White "Kadam Om Manish"]
[Black "Mosadeghpour, Masoud"]
[Result "0-1"]
[WhiteElo "2028"]
[BlackElo "2494"]
[Annotator "TA"]
[PlyCount "66"]
[EventDate "2019.08.11"]
[EventType "swiss"]
[EventCountry "IND"]
[SourceTitle "playchess.com"]
[Source "ChessBase"]
[SourceQuality "1"]

{[%evp 31,66,12,21,7,28,16,12,10,23,9,14,10,14,-61,29,20,26,2,16,12,0,0,0,0,0,0,0,-180,-216,-366,-394,-390,-390,-383,-383,-385,-375]} 1. e4 e5 2. Nf3 Nc6 3. Bb5 a6 4. Ba4 Nf6 5. O-O Be7 6. Re1 b5 7. Bb3 d6 8. c3 O-O 9. h3 Na5 10. Bc2 c5 11. d4 Qc7 12. Nbd2 cxd4 13. cxd4 Bd7 14. Nf1 Rfe8 15. Ng3 Rac8 16. Re2 Nc6 17. a3 {C99: Closed Ruy Lopez: Chigorin Defence: 11 d4 Qc7 12 Nbd2 cxd4} exd4 18. Nxd4 Nxd4 (18... d5 19. Nxc6 Bxc6 20. e5 Ne4 21. Bf4 g5 22. Nf5 gxf4 23. Rxe4 Kh8 24. Re1 Bd7 25. e6 {1-0 (25) Leko,P (2749)-Bruzon Batista,L (2652) Wijk aan Zee 2005}) 19. Qxd4 {The position is equal.} Be6 20. Bf4 Nd7 21. Rd1 {[%cal Rf4d6]} Ne5 22. Nf5 (22. Qe3 $11) 22... Bxf5 (22... Bf6 $1 $15 23. Qxd6 Qc4) 23. exf5 $11 Bf6 24. Qe4 $146 ({Predecessor:} 24. Kf1 Nc4 25. Rxe8+ Rxe8 26. Bxd6 Nxd6 {0-1 (26) Martin Gonzalez,A (2415)-Lalic,B (2515) Benidorm 1993}) 24... Qd7 {[#] Threatens to win with ...Nc6.} 25. Qd5 {With the idea Bxe5.} Nc4 $36 {[%mdl 2048] White is under pressure.} 26. Rxe8+ Qxe8 27. b3 Nxa3 28. Be4 b4 29. Bxd6 $2 (29. Re1 $11) 29... Rd8 $19 30. Bf3 (30. Bd3 $142 Be7 31. Re1) 30... Nb5 {aiming for ...Nc3.Black is winning.} 31. Qc5 {intending Bc6.} Rxd6 ({But not} 31... Nxd6 32. g4 $19) 32. Rxd6 Qe1+ 33. Kh2 {[#] Qc8+ would kill now.} Qe5+ {Accuracy: White = 40%, Black = 82%.} 0-1

[Event "Athens of East GM-Open 2019"]
[Site "Madurai"]
[Date "2019.08.12"]
[Round "2.6"]
[White "Vasquez Schroeder, Rodrigo"]
[Black "Alan Diviya Raj"]
[Result "1-0"]
[WhiteElo "2496"]
[BlackElo "2026"]
[Annotator "TA"]
[PlyCount "63"]
[EventDate "2019.08.11"]
[EventType "swiss"]
[EventCountry "IND"]
[SourceTitle "playchess.com"]
[Source "ChessBase"]
[SourceQuality "1"]

{[%evp 22,63,0,0,20,19,18,16,62,16,57,35,42,58,138,46,157,46,82,79,111,113,226,189,393,383,803,798,777,766,851,847,1165,679,657,641,2499,1832,29992,29993,29994,29995,29995,1620]} 1. d4 Nf6 2. Nf3 e6 3. e3 b6 4. Bd3 Bb7 5. O-O ({Predecessor:} 5. Nbd2 c5 6. b3 cxd4 7. exd4 Nc6 8. c4 d5 9. Bb2 Be7 10. O-O {½-½ (13) Dgebuadze,A (2476)-Miezis,N (2499) Schwaebisch Gmuend 2015}) 5... Be7 6. b3 O-O 7. Bb2 d5 8. Nbd2 c5 9. c4 cxd4 10. exd4 Nc6 11. Re1 Rc8 12. Rc1 h6 $146 {E14: Queen's Indian: Classical Variation (4 e3)} (12... Re8 13. a3 Bf8 14. c5 a5 15. Bc3 bxc5 16. dxc5 d4 17. Bb2 e5 18. Ng5 Rc7 19. Bc4 h6 20. Nge4 Bc8 21. Nxf6+ Qxf6 {½-½ (146) Nisipeanu,L (2674)-Kramnik,V (2812) Dortmund 2016}) 13. a3 dxc4 14. bxc4 Qd6 {The position is equal.} 15. Qe2 Rfd8 16. Ne4 Nxe4 17. Qxe4 {Qh7+ would kill now.} Bf6 (17... g6 $14) 18. Qh7+ $16 Kf8 {[%cal Rc6d4] [#]} 19. Be4 ({White has to play} 19. Nh4 $1 $16 {[%cal Rh4f5]} Ke8 20. Nf5 {[%mdl 64] Double Attack}) 19... Ke7 $14 {Threatens to win with ...Rh8.} 20. Bd5 $1 Rh8 21. Qb1 {Black must now prevent Bxe6!} Kd8 (21... Kf8 $16 22. Be4 Rd8) 22. Be4 $18 {And now Rcd1 would win.} Kc7 $2 (22... Na5) 23. c5 bxc5 $2 (23... Qd8 24. cxb6+ Kb8 25. bxa7+ Kxa7) 24. dxc5 Qe7 {[#]} 25. Be5+ $1 {[%mdl 512]} Bxe5 (25... Nxe5 26. Qxb7+) 26. Nxe5 {[%mdl 64] Pin} Rb8 27. Bxc6 Bxc6 28. Qd3 ({Inferior is} 28. Nxc6 Rxb1 29. Nxe7 Rxc1 $11) 28... Be8 29. Qa6 {White threatens c6 and mate.} f6 30. c6 {White mates.} Bh5 31. Qxa7+ Kd6 32. Qc5+ {Accuracy: White = 52%, Black = 19%.} (32. c7 $142 fxe5 33. cxb8=B+ Rxb8 34. Qxb8+ Kd7 35. Qc8+ Kd6 36. Qc6#) 1-0

[Event "Athens of East GM-Open 2019"]
[Site "Madurai"]
[Date "2019.08.12"]
[Round "2.7"]
[White "Ilamparthi A R"]
[Black "Venkatesh, M.R."]
[Result "0-1"]
[WhiteElo "2036"]
[BlackElo "2480"]
[Annotator "TA"]
[PlyCount "78"]
[EventDate "2019.08.11"]
[EventType "swiss"]
[EventCountry "IND"]
[SourceTitle "playchess.com"]
[Source "ChessBase"]
[SourceQuality "1"]

{[%evp 18,78,14,-14,19,-15,10,20,41,36,59,56,60,-6,0,-38,79,49,45,41,25,-41,-33,-80,-89,-87,-86,-156,-154,-196,-78,-85,-70,-71,-67,-89,-67,-93,-100,-86,-62,-73,-51,-48,-49,-497,-483,-478,-448,-453,-455,-5989,-2138,-29986,-29987,-29987,-29988,-29988,-29989,-29994,-29995,-29995,-29996]} 1. d4 Nf6 2. Nf3 g6 3. g3 Bg7 4. Bg2 O-O 5. O-O d6 6. c4 Nc6 7. Nc3 a6 8. d5 Na5 9. Nd2 c5 10. a4 Rb8 {E66: King's Indian: Fianchetto: 6...c5 7 0-0 Nc6 8 d5} (10... Bf5 11. e4 Bg4 12. Qc2 Qc8 13. b3 e5 14. Bb2 Bd7 15. Nd1 b5 16. axb5 axb5 17. Ne3 b4 18. f4 {0-1 (52) Maghsoodloo,P (2584)-Tukhaev,A (2558) Kocaeli 2017}) 11. Rb1 Bf5 $146 ({Predecessor:} 11... Qc7 12. e4 Bg4 13. Qe1 Bd7 14. Qe2 e5 15. b4 cxb4 16. Rxb4 Bh6 17. Nb3 Bxc1 18. Rxc1 Nxb3 19. Rxb3 {0-1 (65) Cheng,B (2438)-Mu,K (2325) Canberra 2014}) 12. e4 Bg4 {The position is equal.} 13. Qc2 Qc8 14. Re1 Bh3 15. Bh1 ({Better is} 15. b3 $14) 15... Ng4 $11 16. b3 f5 (16... Bd4 $15 {stays ahead.} 17. Re2 Ne5) 17. Nd1 f4 18. Nf3 Ne5 19. Ng5 ({White should play} 19. Nxe5 $1 $11 Bxe5 20. Bb2) 19... Bh6 20. Nxh3 Qxh3 21. Bg2 Qh5 22. Nc3 (22. Bb2 $142) 22... g5 $17 23. Qd1 Qg6 (23... g4 $19 {and Black stays clearly on top.} 24. gxf4 Bxf4 25. Bxf4 Nf3+ 26. Bxf3 gxf3) 24. gxf4 gxf4 25. f3 Qh5 26. Kh1 Rf6 27. Rg1 Kh8 28. Qf1 Bg5 29. Nd1 Rh6 $40 {[%csl Gh6][%cal Rh5h2][%mdl 128] [#] Black has some attack.} 30. h3 Rg8 31. Bb2 $2 {[%mdl 8192]} (31. Bd2 $15) 31... Bf6 $19 {...Nxf3! is the strong threat.} 32. Bxe5 Bxe5 ({Less strong is} 32... Qxe5 33. Nf2 $17) 33. Nf2 Qh4 {White must now prevent ...Bd4.} 34. Ng4 (34. Qe1 $142 Qg3 35. Qe2) 34... Rxg4 35. fxg4 Qg3 {Black mates.} 36. Qf3 {[#]} Rxh3+ $1 {[%mdl 576] Deflection} 37. Bxh3 Qxf3+ 38. Kh2 Qf2+ 39. Kh1 f3 {Accuracy: White = 41%, Black = 64%.} 0-1